Normal view
MARC view
- Pitt, Michael.
Entry Personal Name
001 - CONTROL NUMBER
- control field: 38425
003 - CONTROL NUMBER IDENTIFIER
- control field: OSt
005 - DATE AND TIME OF LATEST TRANSACTION
- control field: 20190422152738.0
008 - FIXED-LENGTH DATA ELEMENTS
- fixed length control field: 190422|| aca||aabn | a|a d
040 ## - CATALOGING SOURCE
- Original cataloging agency: OSt
- Transcribing agency: OSt
100 ## - HEADING--PERSONAL NAME
- Personal name: Pitt, Michael.
670 ## - SOURCE DATA FOUND
- Source citation: Work cat.: (OSt): Pitt,Sally-Anne. 38423, Internal audit qulaity:, ©2014.
